01330nam a2200373Ia 4500003000500000005001700005008004100022020003000063040002300093082001600116100005900132110002100191111003400212245005000246260004100296300005200337490005900389504005100448520007300499521001000572600005600582610002100638630002600659648001200685650005400697651001700751654001900768655002000787658002000807662001800827700005600845710002100901711003400922322820251009123353.0210817s9999 xx 000 0 und d a9780737 746648qPaperback aRDAbENGLISHc3228 a364.66 GLOB a Berlatsky, Noah Detroit, Mich., [c.2010] dc.2010. aGreenhaven Press aBible Society of South Africa 0aCapital punishment /ceditor. Noah Berlatsky. aDetroit:bGreenhaven Press,c©2010. a 237 pagesbColour illustrations, maps c23 cm. a Global viewpoints Global viewpoints.v9780737 746648 aIncludes bibliographical references and index. aA collection of essays dealing with capital punishment in the world. aAdult 0a Berlatsky, Noah Detroit, MI, [c.2010] dc.2010. 0aGreenhaven Press 0aImagined South Africa 0aKabbala 0aAgriculturexEnvironmental aspectszUnited States 0aSouth Africa aJuvenile works 0aAufsatzsammlung aAction research aUnited States a Berlatsky, Noah Detroit, MI, [c.2010] dc.2010. aGreenhaven Press aBible Society of South Africa